Manual diagnóstico y estadístico de los trastornos mentales (Registro nro. 299736)

Detalles MARC
000 -ENCABEZADO
Número de control [NR] 01323cam a2200337Mc 4500
005 - FECHA Y HORA DE LA ÚLTIMA TRANSACCIÓN
control field 20211105120800.0
008 - DE LONGITUD FIJA DE DATOS DE ELEMENTOS - INFORMACIÓN GENERAL
Elementos de longitud fija [NR] 150609s2014 ck ad fr 001 0 spa d
020 ## - NUMERO INTERNACIONAL NORMALIZADO PARA LIBROS [R]
Número Internacional Normalizado del libro [NR] 9788498358100 (5a.Ed.)
020 ## - NUMERO INTERNACIONAL NORMALIZADO PARA LIBROS [R]
Número Internacional Normalizado del libro [NR] 8498358108
035 ## - NUMERO DE CONTROL DEL SISTEMA [R]
Número de control del sistema [NR] (OCoLC)894654259
040 ## - FUENTE DE CATALOGACION [NR]
Agencia de catalogación original [NR] CO-BoUCM
Idioma de catalogación [NR] spa
Quien Cataloga Saul Niño (Modificó)
Quien Clasifica Jose A. Gerena
041 1# - CODIGO DE IDIOMA [R]
Código de idioma para texto/pista de sonido o título separado [R] Español
Language code of original and/or intermediate translations of text eng
060 ## - SIGNATURA TOPOGRAFICA DE LA BIBLIOTECA NACIONAL DE MEDICINA (NLM) [R]
Número clasificador [R] WM 140
245 00 - MENCION DE TITULO [NR]
Título [NR] Manual diagnóstico y estadístico de los trastornos mentales
Parte restante del título [NR] DSM-5
Mención de responsabilidad, etc. [NR] Coordinadores José Luís Ayuso, Eduard Vieta, Celso Arango
250 ## - MENCION DE EDICION [NR]
Mención de edición [NR] 5a ed
260 ## - PUBLICACION, DISTRIBUCION, ETC. (PIE DE IMPRENTA) [R]
Lugar de publicación, distribución, etc. [R] Bogotá (Colombia)
-- Buenos Aires (Argentina)
Nombre del editor, distribuidor, etc. [R] Médica Panamericana
Fecha de publicación, distribución, etc. [R] 2014
300 ## - DESCRIPCION FISICA [R]
Extensión [R] xlviii, 947 páginas
Otros detalles físicos [NR] ilustraciones, cuadros, gráficas
500 ## - NOTA GENERAL [R]
Nota general [NR] Incluye índice
650 #7 - ASIENTO SECUNDARIO DE MATERIA - TERMINO TEMATICO [R]
Término temático o nombre geográfico como elemento de entrada [NR] Enfermedades mentales
9 (RLIN) 14424
650 #7 - ASIENTO SECUNDARIO DE MATERIA - TERMINO TEMATICO [R]
Término temático o nombre geográfico como elemento de entrada [NR] Psiquiatría
9 (RLIN) 8004
650 #7 - ASIENTO SECUNDARIO DE MATERIA - TERMINO TEMATICO [R]
Término temático o nombre geográfico como elemento de entrada [NR] Enfermedades mentales
Subdivisión general [R] Diagnóstico
9 (RLIN) 39794
650 #7 - ASIENTO SECUNDARIO DE MATERIA - TERMINO TEMATICO [R]
Término temático o nombre geográfico como elemento de entrada [NR] Desordenes mentales
9 (RLIN) 13076
650 #7 - ASIENTO SECUNDARIO DE MATERIA - TERMINO TEMATICO [R]
Término temático o nombre geográfico como elemento de entrada [NR] Trastornos mentales
9 (RLIN) 25786
690 ## - ASUNTO AGREGADO LOCAL DE ENTRADA - TÉRMINO TEMÁTICO (OCLC, RLIN)
Acceso temático local Psiquiatría
9 (RLIN) 8004
700 1# - ASIENTO SECUNDARIO - NOMBRE PERSONAL [R]
Nombre personal [NR] Ayuso, José Luís
Término de relación [R] coordinador
9 (RLIN) 83598
700 1# - ASIENTO SECUNDARIO - NOMBRE PERSONAL [R]
Nombre personal [NR] Vieta, Eduard
Término de relación [R] coordinador
9 (RLIN) 83599
700 1# - ASIENTO SECUNDARIO - NOMBRE PERSONAL [R]
Nombre personal [NR] Celso, Arango
Término de relación [R] coordinador
9 (RLIN) 83600
710 2# - ASIENTO SECUNDARIO - NOMBRE CORPORATIVO [R]
Nombre corporativo o de jurisdicción como elemento de entrada [NR] American Psychiatric Association
9 (RLIN) 65074
765 ## - ASIENTO DE IDIOMA ORIGINAL [R]
Título [NR] Diagnostic and statistical manual of mental disorders
942 ## - ELEMENTOS DE ENTRADA AGREGADOS (KOHA)
Sistema de clasificación NLM
Tema principal Medicina
Tipo de ítem principal el descrito en 300a Libro
Edición 5
Clasificación WM 140
Parte restante de la signatura top. M294v
Título oculto en OPAC No
Existencias
Fecha de último préstamo Total préstamos Total Renewals Signatura topográfica Código de barras Última vez visto Volúmen / Fascículo Ejemplar Costo de reposición Price effective from Tipo de ítem Nota pública (OPAC) Perdido Sistema de clasificación Dañado No prestable Tipo de ítem específico Suprimido Ubicación habitual Ubicación actual Localización Fecha de creación Proveedor Forma de adquisición Costo
21/03/2025 93 72 WM 140 M294v 200028536 05/05/2026 5a.Ed. Ej.1 176000.00 21/05/2015 Libro Spot Psicología & Psiquiatría   NLM     Libro   Quinta de Mutis Quinta de Mutis 3er piso 21/05/2015 26 Compra 176000.00
08/08/2024 89 49 WM 140 M294v 200028537 12/12/2025 5a.Ed. Ej.2 176000.00 21/05/2015 Libro Spot Psicología & Psiquiatría   NLM     Libro   Quinta de Mutis Quinta de Mutis 3er piso 21/05/2015 26 Compra 176000.00
18/02/2025 73 59 WM 140 M294v 100152062 23/04/2026 5a.Ed. Ej.3 26000.00 23/01/2017 Libro Spot Psicología & Psiquiatría   NLM     Libro   Quinta de Mutis Quinta de Mutis 3er piso 23/01/2017 12 Donación 0.00
31/07/2025 30 4 WM 140 M294v 200029600 26/02/2026 5a.Ed. Ej.4 264000.00 17/04/2017 Libro de reserva Spot Psicología & Psiquiatría   NLM     Libro de reserva   Quinta de Mutis Quinta de Mutis 3er piso 17/04/2017 111 Compra 264000.00